Tombouctou - Choix multiples - Statistiques

Statistiques générales
  • Ce quiz a été pris 30 fois
  • Le résultat moyen est 6 sur 10
Statistiques - réponses
Question Réponse % Correct
À proximité de quel désert se situe Tombouctou ? Sahara
95%
À l'instar de Palmyre en Syrie, quel est le principal surnom de Tombouctou ? La Perle du désert
90%
Laquelle de ces photos a été prise à Tombouctou ?
70%
Quel dirigeant du Mali, qui selon la légende est l'homme le plus riche de l'Histoire, aura fait construire la mosquée Djingareyber ? Mansa Moussa
70%
Combien de saints sont enterrés à Tombouctou, donnant lieu au deuxième surnom de la ville ? 333
60%
Quel objet, présent en 100 000 exemplaires, y est précieusement conservé ? Des manuscrits
60%
Quel fleuve coule une dizaine de kilomètres au Sud de Tombouctou ? Niger
60%
Quel français est réputé pour être le premier européen libre à revenir vivant de Tombouctou ? René Caillié
45%
Quel groupe ethnique a fondé Tombouctou et en est la deuxième population actuelle, derrière les Songhaïs ? Touareg
30%
Avec Djingareyber et Sidi Yahya, quelle est la troisième grande mosquée de Tombouctou, ayant également fait office d'université ? Sankoré
25%
Aucun quiz correspondant
Distribution des résultats
% des personnes avec chaque résultat
Percentile par nombre de réponses
Votre historique - résultats
Vous n’avez pas pris ce quiz